<?xml version="1.0" encoding="UTF-8"?><?xml-stylesheet type="text/xsl" href="static/style.xsl"?><OAI-PMH xmlns="http://www.openarchives.org/OAI/2.0/" xmlns:xsi="http://www.w3.org/2001/XMLSchema-instance" xsi:schemaLocation="http://www.openarchives.org/OAI/2.0/ http://www.openarchives.org/OAI/2.0/OAI-PMH.xsd"><responseDate>2026-06-02T05:56:13Z</responseDate><request verb="GetRecord" identifier="oai:riuma.uma.es:10630/14551" metadataPrefix="marc">https://riuma.uma.es/rest/oai/request</request><GetRecord><record><header><identifier>oai:riuma.uma.es:10630/14551</identifier><datestamp>2026-02-03T12:31:20Z</datestamp><setSpec>com_10630_2254</setSpec><setSpec>col_10630_37959</setSpec></header><metadata><record xmlns="http://www.loc.gov/MARC21/slim" xmlns:dcterms="http://purl.org/dc/terms/" xmlns:doc="http://www.lyncode.com/xoai" xmlns:xsi="http://www.w3.org/2001/XMLSchema-instance" xsi:schemaLocation="http://www.loc.gov/MARC21/slim http://www.loc.gov/standards/marcxml/schema/MARC21slim.xsd">
   <leader>00925njm 22002777a 4500</leader>
   <datafield ind2=" " ind1=" " tag="042">
      <subfield code="a">dc</subfield>
   </datafield>
   <datafield ind2=" " ind1=" " tag="720">
      <subfield code="a">Gómez, Melchor</subfield>
      <subfield code="e">author</subfield>
   </datafield>
   <datafield ind2=" " ind1=" " tag="260">
      <subfield code="c">2017-09-29</subfield>
   </datafield>
   <datafield ind2=" " ind1=" " tag="520">
      <subfield code="a">Los móviles son herramientas cuyas funcionalidades nos recuerda a las conocidas "navajas suizas", que además del filo de corte original, se acompaña de otras muchas herramientas (sacacorchos, lima, palillo, tijeras...) que la convierten en un elemento práctico y multiusos. Del mismo modo, los smartphones se acompañan de diversas herramientas (navegación web, linterna, acelerómetro...) que hacen nuestra vida digital más fácil, y que superan los iniciales usos de la comunicación por voz.&#xd;
La educación es uno de los entornos en los que se hace conveniente aprovechar esta multifuncionalidad que ofrecen los teléfonos inteligentes: compartir información, realizar proyectos audiovisuales, navegar en entornos de realidad aumentada, leer códigos de información cifrada o colaborar en entornos de aprendizaje digital, son algunas de las ventanas que se nos abren con la integración de este dispositivo en los procesos formativos.&#xd;
En el seminario se pretende delimitar los diferentes recursos y tecnologías que incorporan los móviles, conocer las posibilidades educativas que estos recursos ofrecen y aprender a seleccionarlos e incorporarlos como una herramienta más del entorno del aula es una necesidad para los docentes (actuales y futuros). &#xd;
Hablaremos de aplicaciones móviles educativas, Realidad Aumenta en el aula, entornos digitales de aprendizaje colaborativo y recursos multimedia móviles.</subfield>
   </datafield>
   <datafield ind1="8" ind2=" " tag="024">
      <subfield code="a">http://hdl.handle.net/10630/14551</subfield>
   </datafield>
   <datafield tag="653" ind2=" " ind1=" ">
      <subfield code="a">Enseñanza - Innovaciones</subfield>
   </datafield>
   <datafield tag="653" ind2=" " ind1=" ">
      <subfield code="a">Tecnología educativa</subfield>
   </datafield>
   <datafield ind2="0" ind1="0" tag="245">
      <subfield code="a">Educación con móviles y entornos digitales</subfield>
   </datafield>
</record>
</metadata></record></GetRecord></OAI-PMH>